000 00685nam a2200229Ia 4500
005 20251203150619.0
008 131103s9999 xx 000 0 und d
040 _aLoreto College
041 _aEnglish
082 _a704.947
_bZIM
100 _aZimmer,Heinrich
245 _aMyths and Symbols in Indian Art and Civilization
_cHeinrich Zimmer;edited by Joseph Camphell
260 _aWashington
_bTulsi Shah Enterprises
_c1946 (1963 printing)
300 _axiii,248 p.
_b 70 plates
440 _aBollingen Series; No.6
504 _aIncludes index
650 _aMythology
651 _aIndian Mythology| IKS
700 _aCambell,Joseph,ed.
850 _aLCLIB
942 _cBK
999 _c17307
_d67786